History Quiz

Random History or Letter Quiz

President by Penultimate Letter Quiz Stats

 Plays Quiz Updated Jan 20, 2021

Support Sporcle.
Go Orange.
Score 0/13 Timer 03:00
5 Plays Today
Letter Surnames % Correct
OWashington, Madison, Johnson, Jackson, Jefferson, …
96.7%
MAdams, Obama, Trump
94.7%
LPolk, Lincoln, Garfield, Roosevelt
94.5%
EVan Buren, Tyler, Hayes, McKinley, Carter, Hoover, Eisenhower, Biden
93.7%
ABuchanan, Truman, Reagan
92.7%
SBush
85.2%
NGrant, Harding, Cleveland
82.8%
RFillmore, Ford
77.1%
FTaft
76.3%
DKennedy
74.2%
GCoolidge
63.9%
CPierce
53.6%
UArthur
43.5%

From the Vault

US Presidents by End of Term

by BookishGirl98

History 5m
Once thing is certain--they all had more gray hairs than when they started.
Remove Ads.
Support Sporcle.
Get the best of Sporcle when you Go Orange. This ad-free experience offers more features, more stats, and more fun while also helping to support Sporcle. Thank you for becoming a member.

Show Comments

Extras

Top Quizzes Today


Score Distribution

Your Account Isn't Verified!

In order to create a playlist on Sporcle, you need to verify the email address you used during registration. Go to your Sporcle Settings to finish the process.

Report this User

Report this user for behavior that violates our Community Guidelines.

Details: